• 首页
  • 本馆介绍
  • 公告通知
  • 最新文献
  • 馆藏检索
  • 电子资源
  • 读者导购
  • 参考咨询
  • 我的图书馆
  • 登录
  • 详细信息显示
  • 放入我的书架
  • 预约/预借图书
  • 作者相关作品
  • 分类相关作品
  • 丛书相关作品
  • 出版社相关作品

书目信息

  • 表格格式
  • 工作单格式
  • 卡片格式
题名:
数据结构
    
 
作者: 管致锦 主编
分册:  
出版信息: 北京   科学出版社  2022
页数: 303页
开本: 26cm
丛书名:
单 册:
中图分类: TP311.12
科图分类:
主题词: 数据结构--高等学校--教材
电子资源:
ISBN: 978-7-03-070798-7
000 00894nam0 2200253 450
001 2255768317
005 20220922153037.21
010    @a978-7-03-070798-7@dCNY69.00
100    @a20220301d2022 em y0chiy50 ea
101 0  @achi
102    @aCN@b110000
105    @aa z 000yy
200 1  @a数据结构@9shu ju jie gou@f管致锦[等]主编
205    @a2版
210    @a北京@c科学出版社@d2022
215    @a303页@c图@d26cm
300    @a普通高等学校计算机类一流本科专业建设系列教材
304    @a主编还有:丁卫平、徐慧、陈德裕
330    @a本书面向计算机及相关领域解决复杂工程问题的要求,以问题案例为导向分别讨论线性表、栈、队列、串、哈希表、递归与广义表、二叉树和树、图、排序等数据结构的定义、表示和存储结构的操作与实现。
606 0  @a数据结构@x高等学校@j教材
690    @aTP311.12@v5
701  0 @a管致锦@9guan zhi jin@4主编
801  0 @aCN@b91MARC@c20220423
905    @aZUCC@dTP311.12@e21-2
    
    数据结构/管致锦[等]主编.-2版.-北京:科学出版社,2022
    303页:图;26cm
    普通高等学校计算机类一流本科专业建设系列教材
    
    ISBN 978-7-03-070798-7:CNY69.00
    本书面向计算机及相关领域解决复杂工程问题的要求,以问题案例为导向分别讨论线性表、栈、队列、串、哈希表、递归与广义表、二叉树和树、图、排序等数据结构的定义、表示和存储结构的操作与实现。
●
相关链接 在五车中查询图书 在当当中查询图书 在豆瓣中查询图书


正题名:数据结构     索取号:TP311.12/21-2         预约/预借

序号 登录号 条形码 馆藏地/架位号 状态 备注
1 2000902255   2000902255   第三书库/ [索取号:TP311.12/21-2] 在馆    
2 2000902256   2000902256   第三书库/ [索取号:TP311.12/21-2] 在馆    
3 2000902257   2000902257   第三书库/ [索取号:TP311.12/21-2] 在馆    
山东省滨州职业学院图书馆 欢迎您!
大连网信软件有限公司© 版权所有